| 000 | 01096nam a22001937a 4500 | ||
|---|---|---|---|
| 999 |
_c59979 _d59979 |
||
| 003 | Ge_BSU | ||
| 005 | 20230525161800.0 | ||
| 008 | 230525s1975ge xxu||||| |||| 00| 0 geo d | ||
| 041 | _ageo | ||
| 080 | _a736.3(479.22)(09) ლ - 85 | ||
| 100 |
_aლორთქიფანიძე, მარგარიტა, ავტორი. _918233 |
||
| 245 |
_aკოლხეთის ძვ. წ. V-III სს. საბეჭდავი ბეჭდები : _bბერძნულ სახელოსნოებთან ურთიერთობის საკითხი / _cმარგარიტა ლორთქიფანიძე ; რედ. თ.მიქელაძე |
||
| 264 |
_aთბილისი : _bმეცნიერება, _c1975. |
||
| 300 |
_a127 გვ. : _b 5 ფ. ილ. ; _c26 სმ. |
||
| 520 | _aრეზუმე ფრანგულ ენაზე | ||
| 653 | _aსაბეჭდავი ბეჭდები კოლხეთში. | ||
| 700 |
_aმიქელაძე, თ _eრედაქტორი _918234 |
||
| 942 |
_2udc _cBK |
||